| 000 | 00634nam a2200205Ia 4500 | ||
|---|---|---|---|
| 003 | IN-BaIIA | ||
| 008 | 211028s9999 xx 000 0 eng d | ||
| 020 | _a0-226-35171-8 | ||
| 040 | _cIIA Library | ||
| 080 |
_a(038)52 _bGLO |
||
| 100 |
_aJeanne Hopkins _911595 |
||
| 245 | 0 |
_aGlossary of astronomy and astrophysics _cJeanne Hopkins ; foreword by S. Chandrasekhar. |
|
| 250 | _a2nd ed. | ||
| 260 |
_aChicago _bUniversity of Chicago Press _c1980 |
||
| 300 | _a196p. | ||
| 650 | _aAstronomy and Astrophysics Thesaurus | ||
| 650 |
_aGlossary-Astronomy and Astrophysics _910381 |
||
| 700 |
_aChandrasekhar, for. _911596 |
||
| 942 | _cBK | ||
| 999 |
_c6767 _d6767 |
||